Trouvez le titre des chansons en trouvant les paroles #7 - Statistiques

Statistiques générales
  • Ce quiz a été pris 552 fois
  • Le résultat moyen est 133 sur 234
Statistiques - réponses
Hint Réponse % Correct
Dommage | Les filles les meufs | Marcia baïla a
97%
Marcia baïla à
97%
Dommage t-
94%
Marcia baïla t'
94%
Dommage l’
93%
Au soleil l'
93%
Au soleil M'
93%
Les filles les meufs | Une autre histoire j'
92%
Les filles les meufs J'
92%
Dommage p’
91%
Marcia baïla es
89%
Au soleil le
87%
Au soleil n'
87%
Dommage c’
86%
Marcia baïla | Une autre histoire c'
86%
Marcia baïla C'
86%
Marcia baïla | Une autre histoire le
86%
Au soleil | Dommage | Marcia baïla est
85%
Les filles les meufs ai
84%
Une autre histoire est
84%
Au soleil Et
84%
Une autre histoire et
83%
Marcia baïla | Une autre histoire Et
83%
Les filles les meufs je
82%
Les filles les meufs Je
82%
Dommage la
82%
Dommage il
81%
Les filles les meufs | Marcia baïla | Une autre histoire la
81%
Marcia baïla La
81%
Une autre histoire
78%
Les filles les meufs ma
77%
Les filles les meufs me
77%
Marcia baïla Tu
77%
Marcia baïla tu
77%
Au soleil un
73%
Une autre histoire Elle
71%
Au soleil que
71%
Au soleil on
69%
Dommage On
68%
Marcia baïla Que
68%
Au soleil Au
67%
Au soleil au
67%
Au soleil ce
67%
Dommage être
67%
Une autre histoire on
67%
Les filles les meufs que
67%
Marcia baïla en
66%
Une autre histoire Pour
64%
Une autre histoire qui
64%
Une autre histoire se
64%
Marcia baïla Qui
63%
Marcia baïla qui
63%
Une autre histoire des
62%
Une autre histoire Des
62%
Les filles les meufs les
62%
Dommage moi
62%
Marcia baïla une
62%
Au soleil y
61%
Marcia baïla as
60%
Les filles les meufs | Une autre histoire dans
60%
Les filles les meufs des
60%
Au soleil plus
60%
Dommage y
60%
Marcia baïla toi
59%
Une autre histoire une
59%
Une autre histoire ça
58%
Marcia baïla | Une autre histoire Mais
58%
Une autre histoire toi
58%
Les filles les meufs moi,
57%
Les filles les meufs plus
57%
Les filles les meufs Mais
56%
Au soleil peu
56%
Au soleil Quand
56%
Marcia baïla vie
56%
Au soleil son
55%
Une autre histoire vie
55%
Les filles les meufs y
55%
Les filles les meufs vie
53%
Dommage
52%
Les filles les meufs quand
50%
Dommage dit,
49%
Marcia baïla ton
49%
Marcia baïla comme
47%
Une autre histoire dit
47%
Dommage fois
46%
Au soleil cœur
45%
Une autre histoire Comme
45%
Dommage tous
45%
Les filles les meufs dit
44%
Dommage dernière
43%
Une autre histoire fois
42%
Au soleil soleil
41%
Dommage aller,
40%
Dommage faire,
40%
Marcia baïla même
40%
Marcia baïla sous
39%
Marcia baïla mort
38%
Au soleil adore
36%
Dommage aurait
36%
Dommage crois-
36%
Marcia baïla pris
36%
Marcia baïla chose
35%
Au soleil corps
34%
Une autre histoire Encore
33%
Au soleil exposer
33%
Dommage Ah
32%
Dommage ah
32%
Dommage Dommage
31%
Dommage dommage,
31%
Marcia baïla Marcia
30%
Marcia baïla assassinée
29%
Une autre histoire autre
29%
Marcia baïla bras
29%
Au soleil réchauffer
29%
Au soleil Brûler
28%
Marcia baïla cancer
28%
Marcia baïla emmenée
27%
Une autre histoire histoire
27%
Marcia baïla Maintenant
27%
Marcia baïla consumée
26%
Marcia baïla impossible
26%
Une autre histoire jours
26%
Une autre histoire mots
26%
Marcia baïla cendres
25%
Marcia baïla forte
25%
Marcia baïla fusée
25%
Une autre histoire nuits
25%
Au soleil Au soleil
24%
Les filles les meufs sens
24%
Marcia baïla Marcia baïla
23%
Une autre histoire imagine
22%
Une autre histoire recommence
22%
Une autre histoire dansent
21%
Une autre histoire démarre
21%
Une autre histoire musiques
21%
Les filles les meufs femmes
20%
Une autre histoire silence
20%
Une autre histoire Une autre histoire
19%
Les filles les meufs filles
18%
Les filles les meufs depuis
15%
Les filles les meufs mieux
15%
Les filles les meufs meufs
13%
Les filles les meufs préfère
13%
Les filles les meufs teuf
13%
Les filles les meufs tranquille
12%
Les filles les meufs Les filles les meufs
10%
Aucun quiz correspondant
Distribution des résultats
% des personnes avec chaque résultat
Percentile par nombre de réponses
Votre historique - résultats
Vous n’avez pas pris ce quiz